zpět

Detail výsledku týmu

Stodola, Olomouc

Datum a čas kvízu

32 Celkem bodů Celkový počet nahraných bodů na tomto kvízu bez doplňovacích otázek.
7. Pořadí na kvízu Konečné umístění týmu na tomto kvízu.

Zaznamenané odpovědi

# Otázka Odpověď Body Výsledky
1. Které novinářské ocenění si v... Cenu Ferdinanda Peroutky 0
2. Co neobvyklého našli lékaři v... dělostřelecký granát 1
3. Minulý týden byl představen tr... Michael 0
4. Do aukční historie se nově zap... Rembrandt (Harmenszoon van Rijn) 1
5. V pátek byly zahájeny zimní ol... David Pastrňák; Lucie Charvátová 0.5
6. 17. února 1600 byl na Campo de... Giordano Bruno 1
7. 8. února 1700 se narodil Danie... A) proudění tekutin 1
8. Za kulatý letopočet budeme dne... Brouček 1
9. 16. listopadu 1900 se v Olomou... Eliška Junková 1
10. Od 15. září do 1. října 2000 s... Jan Železný; Sydney 0